Catálogo
 En Linea

Meridian / (Registro nro. 42700)

Detalles MARC
000 -CABECERA
campo de control de longitud fija 00626nam a2200205 a 4500
001 - NÚMERO DE CONTROL
campo de control 000043211
005 - FECHA Y HORA DE LA ÚLTIMA TRANSACCIÓN
campo de control 20201002040727.0
008 - DATOS DE LONGITUD FIJA--INFORMACIÓN GENERAL
campo de control de longitud fija 140225s2014 nyu 000 0 spa d
020 ## - NÚMERO INTERNACIONAL ESTÁNDAR DEL LIBRO
Número Internacional Estándar del Libro 9780062130174
040 ## - FUENTE DE LA CATALOGACIÓN
Centro catalogador/agencia de origen DO-SdBNP
Lengua de catalogación spa
Centro/agencia transcriptor BNPHU
082 ## - NÚMERO DE LA CLASIFICACIÓN DECIMAL DEWEY
Número de clasificación xxx
Número de documento/Ítem xxx
100 1# - ENTRADA PRINCIPAL--NOMBRE DE PERSONA
Nombre de persona McQuein, Josin L.
9 (RLIN) 70801
245 10 - MENCIÓN DE TÍTULO
Título Meridian /
Mención de responsabilidad, etc. Josin L. McQuein.
246 10 - FORMA VARIANTE DE TÍTULO
Título propio/Titulo breve Meridian : the between the light and dark is about to be erased
260 ## - PUBLICACIÓN, DISTRIBUCIÓN, ETC.
Lugar de publicación, distribución, etc. New York, N. Y. :
Nombre del editor, distribuidor, etc. Greenwillow Books,
Fecha de publicación, distribución, etc. 2014.
300 ## - DESCRIPCIÓN FÍSICA
Extensión 458 p. ;
Dimensiones 21 cm.
490 1# - MENCIÓN DE SERIE
Mención de serie Greenwillow
Designación de volumen o secuencia 5/14
500 ## - NOTA GENERAL
Nota general The sequel to Arclight
830 #0 - PUNTO DE ACCESO ADICIONAL DE SERIE-TÍTULO UNIFORME
Título uniforme Greenwillow
Número de parte o sección de la obra 5/14
9 (RLIN) 70802
Existencias
Estado de retiro Estado de pérdida Restricciones de uso No para préstamo Código de colección Localización permanente Ubicación/localización actual Ubicación en estantería Fecha de adquisición Número de inventario Total de préstamos Signatura topográfica completa Código de barras Fecha visto por última vez Precio válido a partir de Tipo de ítem Koha
      Excluido de préstamo Monografías: Libros y Folletos General General En catalogación 25.02.2014 LF1   xxx xxx 43211-10 25.06.2020 25.06.2020 No se presta

Con tecnología Koha